[Event "Noisiel op 9th"]
[Site "Noisiel"]
[Date "2024.04.09"]
[Round "5"]
[White "Priansh, Das"]
[Black "Aswath, S."]
[Result "1/2-1/2"]
[WhiteElo "2234"]
[BlackElo "2364"]
[PlyCount "56"]
[EventDate "2024.04.06"]
[EventType "swiss"]
[EventRounds "9"]
[EventCountry "FRA"]
[SourceTitle "CB16_2024"]
[SourceDate "2024.04.17"]
[SourceVersion "1"]
[SourceVersionDate "2024.04.17"]
[SourceQuality "1"]

1. c4 e6 2. g3 d5 3. Bg2 Nf6 4. d3 c6 5. Nd2 Nbd7 6. Ngf3 Bd6 7. b3 0-0 8. Bb2 Qe7 9. 0-0 b6 10. e4 dxe4 11. Nxe4 Nxe4 12. dxe4 Rd8 13. Qc2 e5 14. Rad1 Ba6 15. Rfe1 f6 16. Bf1 Bc5 17. a3 Bb7 18. b4 Bd6 19. Rd2 Nf8 20. Bh3 c5 21. Nh4 g6 22. b5 Bc7 23. Red1 Ne6 24. Bxe6+ Qxe6 25. f3 Rxd2 26. Rxd2 Rf8 27. Re2 Rd8 28. Ng2 a6 1/2-1/2

[Event "San Vicente op 8th"]
[Site "San Vicente"]
[Date "2024.03.29"]
[Round "4"]
[White "Aswath, S."]
[Black "Diaz Camallonga, Carles"]
[Result "1-0"]
[WhiteElo "2358"]
[BlackElo "2491"]
[PlyCount "65"]
[EventDate "2024.03.27"]
[EventType "swiss"]
[EventRounds "9"]
[EventCountry "ESP"]
[SourceTitle "CB14_2024"]
[SourceDate "2024.04.01"]
[SourceVersion "1"]
[SourceVersionDate "2024.04.01"]
[SourceQuality "1"]

1. d4 e6 2. c4 Nf6 3. g3 Bb4+ 4. Nd2 0-0 5. Bg2 d5 6. Ngf3 b6 7. 0-0 Bb7 8. a3 Be7 9. cxd5 exd5 10. b4 a5 11. b5 c6 12. Qa4 cxb5 13. Qxb5 Ba6 14. Qb2 Bxe2 15. Re1 Ba6 16. Ne5 Ra7 17. Nf1 Nfd7 18. Ne3 Nxe5 19. dxe5 d4 20. Nf5 Bc5 21. Qd2 Bb7 22. Nxg7 Kxg7 23. Qh6+ Kh8 24. Bg5 Be7 25. Bf6+ Bxf6 26. exf6 Rg8 27. Re7 Bxg2 28. Rxa7 Bd5 29. Re7 d3 30. Rae1 Be6 31. h3 Rg6 32. R1xe6 Qg8 33. Re8 1-0

[Event "Titled Tuesday intern op 19th Dec Early"]
[Site "Chess.com INT"]
[Date "2023.12.19"]
[Round "8"]
[White "Aswath, S."]
[Black "Begunov, Konstantin"]
[Result "0-1"]
[WhiteElo "2369"]
[BlackElo "2325"]
[PlyCount "98"]
[EventDate "2023.12.19"]
[EventType "swiss (blitz)"]
[EventRounds "11"]
[EventCountry "USA"]
[SourceTitle "CB52_2023"]
[SourceDate "2023.12.27"]
[SourceVersion "1"]
[SourceVersionDate "2023.12.27"]
[SourceQuality "1"]

1. c4 c6 2. g3 d5 3. Bg2 Nf6 4. Nf3 Bf5 5. 0-0 e6 6. b3 Nbd7 7. Bb2 Be7 8. d3 h6 9. Nc3 0-0 10. cxd5 cxd5 11. Rc1 Rc8 12. h3 Bb4 13. a3 Bc5 14. b4 Bb6 15. Nb5 Qe7 16. Qb3 a6 17. Nbd4 Bh7 18. a4 e5 19. Nc2 e4 20. dxe4 dxe4 21. Nfd4 Ne5 22. Ne3 Qd7 23. Rcd1 Qc7 24. Rc1 Qd7 25. Rxc8 Rxc8 26. Rd1 Qc7 27. a5 Ba7 28. b5 Qxa5 29. Ndf5 Re8 30. Nd6 Re6 31. Bxe5 Rxe5 32. Qe6 Rxe6 33. Nxb7 Qxb5 34. Nd8 Re8 35. Nc2 Qc5 36. Ne3 Qc7 37. Nxf7 Kxf7 38. h4 Bg6 39. Bh3 Bh5 40. Rd4 Bxe2 41. Nf5 Bf3 42. Nd6+ Kf8 43. Nxe8 Kxe8 44. Rd3 Qc1+ 45. Kh2 exd3 46. Bg2 Bxg2 47. Kxg2 d2 48. Kf3 d1Q+ 49. Kg2 Qh1# 0-1

[Event "Titled Tuesday intern op 19th Dec Early"]
[Site "Chess.com INT"]
[Date "2023.12.19"]
[Round "9"]
[White "Gurevich, Dmitry"]
[Black "Aswath, S."]
[Result "0-1"]
[WhiteElo "2374"]
[BlackElo "2369"]
[PlyCount "102"]
[EventDate "2023.12.19"]
[EventType "swiss (blitz)"]
[EventRounds "11"]
[EventCountry "USA"]
[SourceTitle "CB52_2023"]
[SourceDate "2023.12.27"]
[SourceVersion "1"]
[SourceVersionDate "2023.12.27"]
[SourceQuality "1"]

1. d4 Nf6 2. c4 e6 3. g3 d5 4. Bg2 Bb4+ 5. Nd2 0-0 6. Ngf3 dxc4 7. Qc2 b5 8. a4 Bb7 9. axb5 a6 10. bxa6 Nxa6 11. 0-0 c5 12. dxc5 Bxc5 13. Qxc4 Bd5 14. Qh4 Nb4 15. Rxa8 Qxa8 16. Ne1 Rd8 17. Bxd5 Qxd5 18. Qc4 Qxc4 19. Nxc4 Ng4 20. Kg2 Nxf2 21. Rxf2 Rd1 22. Bd2 Nd5 23. Nd3 Bxf2 24. Kxf2 f6 25. e4 Ne7 26. h4 Nc6 27. b4 Nd4 28. Ke3 e5 29. Bc3 Nb5 30. Bd2 Rb1 31. Nb6 Rb3 32. Nd5 Nd4 33. Be1 Nc2+ 34. Kd2 Nd4 35. Ke3 Kf7 36. Bd2 g6 37. g4 h5 38. gxh5 gxh5 39. Be1 Nc2+ 40. Kd2 Nd4 41. Ke3 Ke6 42. Bc3 Kf7 43. Bxd4 exd4+ 44. Kxd4 Kg6 45. Kc4 Rb1 46. b5 f5 47. b6 fxe4 48. N3b4 Rc1+ 49. Kd4 Rc8 50. b7 Rb8 51. Ne7+ Kf7 0-1

[Event "Titled Tuesday intern op 19th Dec Early"]
[Site "Chess.com INT"]
[Date "2023.12.19"]
[Round "4"]
[White "Hong, Andrew Z"]
[Black "Aswath, S."]
[Result "1-0"]
[WhiteElo "2539"]
[BlackElo "2369"]
[PlyCount "55"]
[EventDate "2023.12.19"]
[EventType "swiss (blitz)"]
[EventRounds "11"]
[EventCountry "USA"]
[SourceTitle "CB52_2023"]
[SourceDate "2023.12.27"]
[SourceVersion "1"]
[SourceVersionDate "2023.12.27"]
[SourceQuality "1"]

1. d4 d5 2. Bf4 Nf6 3. e3 c5 4. dxc5 Nc6 5. Bb5 e6 6. b4 a5 7. c3 Bd7 8. Nf3 axb4 9. Bxc6 Bxc6 10. cxb4 b6 11. 0-0 bxc5 12. bxc5 Bb5 13. Re1 Bxc5 14. Nc3 Ba6 15. Bg5 0-0 16. e4 Qb6 17. Bh4 Nxe4 18. Nxe4 dxe4 19. Rxe4 f6 20. Qd7 Rfd8 21. Qxe6+ Qxe6 22. Rxe6 Bc8 23. Ree1 Bf5 24. a4 h5 25. Bg3 g5 26. a5 Bb4 27. Bc7 Rdc8 28. Rec1 1-0

[Event "Titled Tuesday intern op 19th Dec Early"]
[Site "Chess.com INT"]
[Date "2023.12.19"]
[Round "7"]
[White "Rustemov, Alexander"]
[Black "Aswath, S."]
[Result "1-0"]
[WhiteElo "2525"]
[BlackElo "2369"]
[PlyCount "77"]
[EventDate "2023.12.19"]
[EventType "swiss (blitz)"]
[EventRounds "11"]
[EventCountry "USA"]
[SourceTitle "CB52_2023"]
[SourceDate "2023.12.27"]
[SourceVersion "1"]
[SourceVersionDate "2023.12.27"]
[SourceQuality "1"]

1. d4 f6 2. e4 g6 3. h4 Nh6 4. Nc3 Nf7 5. e5 Bg7 6. h5 g5 7. h6 Bxh6 8. Qh5 Bg7 9. Nf3 Nc6 10. Be3 h6 11. 0-0-0 d5 12. exd6 cxd6 13. Bc4 0-0 14. Qg6 e6 15. Bd3 f5 16. Bxg5 Nxg5 17. Rxh6 Rf6 18. Rh8+ Kxh8 19. Qxg5 Rh6 20. Qg3 Bd7 21. Ne2 Qf6 22. Nf4 Nxd4 23. Nxd4 Qxd4 24. c3 Qf6 25. Bc2 d5 26. Kb1 Rc8 27. Qe3 e5 28. Nxd5 Qe6 29. Qxa7 Bc6 30. Bb3 Qf6 31. Nxf6 Rxf6 32. Rh1+ Bh6 33. Qe3 Kh7 34. Qxe5 Be4+ 35. Ka1 Rg6 36. f3 Bd3 37. a3 Rg5 38. Qe6 Rg6 39. Qxc8 1-0

[Event "Titled Tuesday intern op 12th Dec Early"]
[Site "Chess.com INT"]
[Date "2023.12.12"]
[Round "1"]
[White "Antonio, Jorge Carlos"]
[Black "Aswath, S."]
[Result "0-1"]
[WhiteElo "2277"]
[BlackElo "2369"]
[PlyCount "104"]
[EventDate "2023.12.12"]
[EventType "swiss (blitz)"]
[EventRounds "11"]
[EventCountry "USA"]
[SourceTitle "CB51_2023"]
[SourceDate "2023.12.20"]
[SourceVersion "1"]
[SourceVersionDate "2023.12.20"]
[SourceQuality "1"]

1. d4 d5 2. Nf3 Nf6 3. Bf4 c5 4. e3 Nc6 5. c3 g6 6. Bd3 Bg7 7. h4 Bg4 8. Nbd2 0-0 9. Be2 Qb6 10. Qb3 Rfd8 11. dxc5 Qxc5 12. Qxb7 Ne4 13. Nd4 Na5 14. Nxe4 dxe4 15. Qc7 Qh5 16. Bxg4 Qxg4 17. Qxa5 Qxg2 18. 0-0-0 Rac8 19. Kb1 Qxf2 20. h5 Bxd4 21. Rxd4 Rxd4 22. exd4 Qxf4 23. hxg6 hxg6 24. Qe5 Qxe5 25. dxe5 Rc5 26. Kc2 Rxe5 27. c4 f5 28. b4 f4 29. c5 f3 30. Kc3 e3 31. c6 Rf5 32. Kd3 e2 33. Ke3 Rf8 34. b5 g5 35. Kf2 g4 36. Rg1 Kf7 37. Rxg4 Ke6 38. Rc4 Kd6 39. c7 Kd7 40. c8Q+ Rxc8 41. Rd4+ Ke8 42. Re4 Rc1 43. a4 Rf1+ 44. Kg3 Rg1+ 45. Kf2 Rf1+ 46. Kg3 e1Q+ 47. Rxe1 Rxe1 48. Kxf3 Ra1 49. Ke4 Rxa4+ 50. Kd5 Rb4 51. Kc6 e5 52. Kc5 Rb1 0-1

[Event "Titled Tuesday intern op 26th Sep Early"]
[Site "Chess.com INT"]
[Date "2023.09.26"]
[Round "4"]
[White "Purtseladze, Maka"]
[Black "Aswath, S."]
[Result "1-0"]
[WhiteElo "2261"]
[BlackElo "2335"]
[PlyCount "109"]
[EventDate "2023.09.26"]
[EventType "swiss (blitz)"]
[EventRounds "11"]
[EventCountry "USA"]
[SourceTitle "EXT 2024"]
[Source "ChessBase"]
[SourceDate "2023.10.10"]
[SourceVersion "1"]
[SourceVersionDate "2023.10.10"]
[SourceQuality "1"]

1. d4 Nf6 2. Bg5 Ne4 3. Bf4 d5 4. f3 Nf6 5. Nc3 Bf5 6. g4 Bg6 7. h4 h6 8. e3 e6 9. Bd3 Bxd3 10. cxd3 Bd6 11. Nge2 c6 12. Kf2 Bxf4 13. Nxf4 Qe7 14. g5 Nfd7 15. g6 e5 16. gxf7+ Qxf7 17. dxe5 Nxe5 18. d4 Nc4 19. b3 Nd6 20. Qd3 Nd7 21. Rhg1 0-0-0 22. Qg6 Qe7 23. Qe6 Qxh4+ 24. Rg3 Qf6 25. Rg6 Qh4+ 26. Kg2 Ne8 27. Rh1 Qf6 28. Rxf6 Nexf6 29. Qf5 Rde8 30. Ng6 Rhg8 31. e4 dxe4 32. Nxe4 Kd8 33. Nxf6 Nxf6 34. Kf2 Kc7 35. Re1 Rxe1 36. Kxe1 Rd8 37. Qe5+ Kb6 38. Qc5+ Kc7 39. Qxa7 Rd5 40. Nf4 Rd6 41. Qc5 Nd7 42. Qh5 Rf6 43. Ng6 Re6+ 44. Ne5 c5 45. Qf7 Rd6 46. dxc5 Rd5 47. Nxd7 Rxd7 48. Qf4+ Kc6 49. Qc4 Rd5 50. b4 Re5+ 51. Kf2 Re7 52. b5+ Kc7 53. Qd5 Rd7 54. b6+ Kd8 55. Qg8+ 1-0

[Event "Titled Tuesday intern op 26th Sep Early"]
[Site "Chess.com INT"]
[Date "2023.09.26"]
[Round "6"]
[White "Shevchuk, Olexandr"]
[Black "Aswath, S."]
[Result "1-0"]
[WhiteElo "2093"]
[BlackElo "2335"]
[PlyCount "103"]
[EventDate "2023.09.26"]
[EventType "swiss (blitz)"]
[EventRounds "11"]
[EventCountry "USA"]
[SourceTitle "EXT 2024"]
[Source "ChessBase"]
[SourceDate "2023.10.10"]
[SourceVersion "1"]
[SourceVersionDate "2023.10.10"]
[SourceQuality "1"]

1. d4 Nf6 2. c4 e6 3. g3 d5 4. Nf3 dxc4 5. Bg2 Nbd7 6. 0-0 c6 7. a4 a5 8. Na3 Bxa3 9. Rxa3 0-0 10. Re1 c5 11. dxc5 Nxc5 12. Qc2 b6 13. Ne5 Nd5 14. Qxc4 Ba6 15. Qg4 Bb7 16. Rd1 Qf6 17. Nc4 Rad8 18. Bg5 Qg6 19. Ne5 Qc2 20. Rc1 Qxb2 21. Nc4 Qb4 22. Bd2 Nf6 23. Bxb4 axb4 24. Qh4 Bxg2 25. Kxg2 bxa3 26. Nxa3 Ra8 27. Rc4 Rfd8 28. Rb4 Nd5 29. Rg4 f5 30. Rd4 h6 31. Nb5 Nf6 32. Rxd8+ Rxd8 33. Qc4 Ra8 34. Nc3 Kf7 35. Qb4 Nfd7 36. e4 fxe4 37. Nxe4 Rxa4 38. Nd6+ Ke7 39. Qd2 Ra3 40. Nc8+ Ke8 41. Qd6 Kd8 42. Nxb6 Rd3 43. Qc6 Ke7 44. Nxd7 Nxd7 45. Qe4 Rd6 46. h4 Kf8 47. Qb4 Ke7 48. f4 Nf6 49. Kf3 Kd7 50. Qb7+ Ke8 51. Qxg7 Rd3+ 52. Ke2 1-0

[Event "Titled Tuesday intern op 26th Sep Early"]
[Site "Chess.com INT"]
[Date "2023.09.26"]
[Round "10"]
[White "Yarullina, Alina"]
[Black "Aswath, S."]
[Result "0-1"]
[WhiteElo "2084"]
[BlackElo "2335"]
[PlyCount "68"]
[EventDate "2023.09.26"]
[EventType "swiss (blitz)"]
[EventRounds "11"]
[EventCountry "USA"]
[SourceTitle "EXT 2024"]
[Source "ChessBase"]
[SourceDate "2023.10.10"]
[SourceVersion "1"]
[SourceVersionDate "2023.10.10"]
[SourceQuality "1"]

1. e4 g6 2. d4 Bg7 3. Nf3 d6 4. Bc4 Nf6 5. Qe2 0-0 6. 0-0 Bg4 7. h3 Bxf3 8. Qxf3 e5 9. dxe5 dxe5 10. Be3 Nc6 11. Rd1 Qe7 12. Nc3 Rad8 13. a3 Nd4 14. Bxd4 exd4 15. Nd5 Nxd5 16. exd5 Qc5 17. Qd3 Rd6 18. b4 Qb6 19. Re1 a5 20. Rab1 axb4 21. Rxb4 Qa5 22. Re7 Bf6 23. Re4 b6 24. h4 Ra8 25. Rb3 h5 26. g4 hxg4 27. Rxg4 Qe1+ 28. Qf1 Qxf1+ 29. Kxf1 Ra4 30. Bb5 Ra5 31. Bc6 Kh7 32. a4 Rc5 33. Rb2 d3 34. Ra2 dxc2 0-1

[Event "Asia-ch U20"]
[Site "Jamshedpur"]
[Date "2023.09.14"]
[Round "8"]
[White "Manish, Anto Cristiano F"]
[Black "Aswath, S."]
[Result "1/2-1/2"]
[WhiteElo "2372"]
[BlackElo "2335"]
[PlyCount "106"]
[EventDate "2023.09.09"]
[EventType "swiss"]
[EventRounds "9"]
[EventCountry "IND"]
[SourceTitle "EXT 2024"]
[Source "ChessBase"]
[SourceDate "2023.10.10"]
[SourceVersion "1"]
[SourceVersionDate "2023.10.10"]
[SourceQuality "1"]

1. e4 e5 2. Nf3 Nc6 3. Bb5 a6 4. Ba4 Nf6 5. 0-0 Be7 6. Re1 b5 7. Bb3 0-0 8. a4 Bb7 9. d3 d6 10. h3 Re8 11. Nbd2 Nd7 12. c3 Nc5 13. Bc2 Nxa4 14. Bxa4 bxa4 15. Rxa4 a5 16. Nc4 Bf8 17. Ne3 Bc8 18. Nd2 Bd7 19. Ndc4 g6 20. Nd5 Bg7 21. b4 f5 22. Qb3 Be6 23. Qa2 f4 24. Nxa5 Nxa5 25. Rxa5 Rc8 26. b5 f3 27. Ra7 fxg2 28. Kxg2 Kh8 29. Qe2 Rf8 30. c4 Rf7 31. Rh1 Qh4 32. Be3 Bh6 33. Bxh6 Qxh6 34. Qe3 Qh5 35. Nxc7 Rcxc7 36. b6 Rb7 37. Rxb7 Rxb7 38. Ra1 Rxb6 39. Qxb6 Bxh3+ 40. Kh2 Bg4+ 41. Kg1 Bf3 42. Qd8+ Kg7 43. Ra7+ Kh6 44. Qf8+ Kg5 45. Rxh7 Qg4+ 46. Kf1 Qg2+ 47. Ke1 Qg1+ 48. Kd2 Qxf2+ 49. Kc3 Qe1+ 50. Kb2 Qd2+ 51. Ka1 Qc3+ 52. Ka2 Qa5+ 53. Kb2 Qd2+ 1/2-1/2

[Event "Asia-ch U20"]
[Site "Jamshedpur"]
[Date "2023.09.10"]
[Round "2"]
[White "Aswath, S."]
[Black "Grebnev, Aleksey"]
[Result "1/2-1/2"]
[WhiteElo "2335"]
[BlackElo "2486"]
[PlyCount "107"]
[EventDate "2023.09.09"]
[EventType "swiss"]
[EventRounds "9"]
[EventCountry "IND"]
[SourceTitle "EXT 2024"]
[Source "ChessBase"]
[SourceDate "2023.10.10"]
[SourceVersion "1"]
[SourceVersionDate "2023.10.10"]
[SourceQuality "1"]

1. e4 c5 2. Nf3 d6 3. d4 cxd4 4. Nxd4 Nf6 5. Nc3 a6 6. h3 e5 7. Nb3 Be6 8. f4 g6 9. Qf3 Nc6 10. f5 gxf5 11. exf5 Bxb3 12. axb3 Nd4 13. Qf2 d5 14. Bg5 Rg8 15. Bxf6 Qxf6 16. 0-0-0 0-0-0 17. g4 Bc5 18. Qd2 Rge8 19. Kb1 Kb8 20. Ne2 Nc6 21. Bg2 e4 22. Qc3 Qe7 23. Qg3+ Ka7 24. Rhe1 Bb6 25. Nc3 Nb4 26. Na4 Qc7 27. Qc3 Nc6 28. Qg7 Ba5 29. Re2 Qe7 30. f6 Qe6 31. Nc5 Qc8 32. c3 Ne5 33. b4 Bb6 34. Na4 Bc7 35. Red2 Nc4 36. Re2 Ne5 37. Red2 Ng6 38. Nc5 Nf4 39. Bh1 Bb6 40. Qh6 Qc7 41. Rf2 Bxc5 42. Qxf4 Qxf4 43. Rxf4 Bd6 44. Rf5 e3 45. Bf3 Be5 46. g5 d4 47. cxd4 Rxd4 48. Rxd4 Bxd4 49. Rd5 Bxf6 50. gxf6 e2 51. Bxe2 Rxe2 52. Rd7 Rh2 53. Rxf7 Rxh3 54. Kc2 1/2-1/2

[Event "Asia-ch Rapid U20"]
[Site "Jamshedpur"]
[Date "2023.09.08"]
[Round "8"]
[White "Aswath, S."]
[Black "Arun, Kataria"]
[Result "1-0"]
[WhiteElo "2259"]
[BlackElo "1866"]
[PlyCount "61"]
[EventDate "2023.09.08"]
[EventType "swiss (rapid)"]
[EventRounds "9"]
[EventCountry "IND"]
[SourceTitle "EXT 2024"]
[Source "ChessBase"]
[SourceDate "2023.10.10"]
[SourceVersion "1"]
[SourceVersionDate "2023.10.10"]
[SourceQuality "1"]

1. e4 c5 2. Nc3 d6 3. d4 cxd4 4. Qxd4 Nf6 5. b3 g6 6. Bb2 Bg7 7. 0-0-0 0-0 8. Kb1 Nbd7 9. Qd2 a6 10. f3 b5 11. h4 Bb7 12. Nge2 Nc5 13. h5 b4 14. Nd5 Bxd5 15. exd5 a5 16. Nd4 a4 17. Nc6 Qc7 18. h6 Bh8 19. Re1 Rfe8 20. g4 e5 21. g5 Nfd7 22. Qxb4 axb3 23. axb3 Nb8 24. Bb5 Nxc6 25. Bxc6 Reb8 26. Qc4 Ra7 27. f4 Qa5 28. fxe5 dxe5 29. d6 Ra6 30. Bd5 Rf8 31. b4 1-0

[Event "Titled Tuesday intern op 05th Sep Early"]
[Site "Chess.com INT"]
[Date "2023.09.05"]
[Round "9"]
[White "Aswath, S."]
[Black "Postny, Evgeny"]
[Result "1-0"]
[WhiteElo "2335"]
[BlackElo "2570"]
[PlyCount "71"]
[EventDate "2023.09.05"]
[EventType "swiss (blitz)"]
[EventRounds "11"]
[EventCountry "USA"]
[SourceTitle "EXT 2024"]
[Source "ChessBase"]
[SourceDate "2023.10.10"]
[SourceVersion "1"]
[SourceVersionDate "2023.10.10"]
[SourceQuality "1"]

1. d4 e6 2. c4 Nf6 3. g3 d5 4. Bg2 Bb4+ 5. Nd2 0-0 6. Ngf3 b6 7. 0-0 Bb7 8. a3 Be7 9. cxd5 exd5 10. b4 c6 11. Bb2 Nbd7 12. Rc1 a5 13. Qb3 b5 14. e3 Nb6 15. Ne5 Nc4 16. Ndxc4 bxc4 17. Qc3 axb4 18. axb4 Qb6 19. Rb1 Bxb4 20. Bc1 Ra4 21. Qc2 Rfa8 22. Bd2 c5 23. dxc5 Qxc5 24. Bxb4 Rxb4 25. Nd3 Rxb1 26. Nxc5 Rb5 27. Nxb7 Rxb7 28. Rd1 Rd7 29. g4 h6 30. Qf5 Rad8 31. h4 d4 32. exd4 Rxd4 33. Rxd4 Rxd4 34. g5 hxg5 35. hxg5 Nd7 36. Bd5 1-0

[Event "Titled Tuesday intern op 05th Sep Early"]
[Site "Chess.com INT"]
[Date "2023.09.05"]
[Round "7"]
[White "Diaz Perez, Michel Alejandro"]
[Black "Aswath, S."]
[Result "0-1"]
[WhiteElo "2473"]
[BlackElo "2335"]
[PlyCount "74"]
[EventDate "2023.09.05"]
[EventType "swiss (blitz)"]
[EventRounds "11"]
[EventCountry "USA"]
[SourceTitle "EXT 2024"]
[Source "ChessBase"]
[SourceDate "2023.10.10"]
[SourceVersion "1"]
[SourceVersionDate "2023.10.10"]
[SourceQuality "1"]

1. e4 g6 2. d4 Bg7 3. Nc3 d6 4. Be3 a6 5. a4 b6 6. Bd3 Bb7 7. f4 Nd7 8. Nf3 Ngf6 9. h3 0-0 10. 0-0 e6 11. e5 Nd5 12. Nxd5 Bxd5 13. c4 Bb7 14. Qe2 Qe7 15. Qf2 c5 16. Rae1 cxd4 17. Bxd4 dxe5 18. Nxe5 Nxe5 19. Bxe5 Bxe5 20. fxe5 Rad8 21. Bc2 Qb4 22. b3 Rd2 23. Re2 Rxe2 24. Qxe2 Qc5+ 25. Kh1 Rd8 26. Be4 Qxe5 27. Qf3 Bxe4 28. Qxf7+ Kh8 29. Qe7 Bxg2+ 30. Kxg2 Rd2+ 31. Rf2 Qe4+ 32. Kg3 Qe3+ 33. Rf3 Qe5+ 34. Rf4 Qe1+ 35. Kf3 Rf2+ 36. Kg4 Qg1+ 37. Kh4 Rxf4# 0-1

[Event "Titled Tuesday intern op 05th Sep Early"]
[Site "Chess.com INT"]
[Date "2023.09.05"]
[Round "4"]
[White "Donchenko, Alexander"]
[Black "Aswath, S."]
[Result "1-0"]
[WhiteElo "2679"]
[BlackElo "2335"]
[PlyCount "111"]
[EventDate "2023.09.05"]
[EventType "swiss (blitz)"]
[EventRounds "11"]
[EventCountry "USA"]
[SourceTitle "EXT 2024"]
[Source "ChessBase"]
[SourceDate "2023.10.10"]
[SourceVersion "1"]
[SourceVersionDate "2023.10.10"]
[SourceQuality "1"]

1. d4 d5 2. c4 e6 3. Nf3 Nf6 4. g3 dxc4 5. Bg2 Nbd7 6. 0-0 c6 7. a4 a5 8. Nbd2 b5 9. Qc2 Bb7 10. b3 cxb3 11. Nxb3 Nd5 12. e4 Nb4 13. Qc3 Be7 14. Bd2 0-0 15. Rfc1 Qb6 16. Be3 Rfc8 17. d5 cxd5 18. Qxc8+ Bxc8 19. Bxb6 Nxb6 20. axb5 dxe4 21. Nfd2 a4 22. Nxe4 Bb7 23. Rc7 Bxe4 24. Bxe4 Bd6 25. Bxa8 Bxc7 26. Nc5 Be5 27. Ra3 Bd6 28. Nxa4 Nxa8 29. b6 Nxb6 30. Nxb6 g5 31. Nc4 Be7 32. Ra7 Nd5 33. Ne3 Kf8 34. Nxd5 exd5 35. Rd7 h5 36. Rxd5 Kg7 37. Kg2 Bf6 38. Kf3 Kg6 39. Ke4 Bg7 40. f3 Bf6 41. h3 Be7 42. Rb5 f6 43. Rb6 Bd8 44. Rc6 Ba5 45. g4 hxg4 46. hxg4 Bd2 47. Kd5 Bf4 48. Ke6 Be5 49. Rc8 Kg7 50. Re8 Ba1 51. Kf5 Bd4 52. Re7+ Kf8 53. Rd7 Be5 54. Ke6 Ba1 55. Rf7+ Kg8 56. Rxf6 1-0